Совладающий интеллект. Успешное разрешение жизненных трудностей

Detalhes bibliográficos
Autor principal: Либина А. В. Алена Владимировна
Resumo:Данная книга является первьш изданием в мировой психологии, интегрирующим в рамках одного концептуального подхода основные теоретические и экспериментальные направления совладания человека со стрессом, жизненными кризисами и сложными ситуациями. Предлагаемая многомерная модель совладания, названная автором Совладающий Интеллект, описывает универсальную систему диагностики и анализа эффективных и неэффективных способов разрешения жизненных проблем. Построенная на научных принципах единая классификация совладающего и защитного поведения помогает каждому читателю освоить эффективные способы разрешения жизненных проблем. Издание предназначено для профессиональных психологов, консультантов, студентов и преподавателей гуманитарных и медицинских вузов. Книга будет интересна и очень полезна широкому кругу читателей, которые хотят научиться справляться со стрессовыми ситуациями.
Idioma:russo
Publicado em: Москва, Эксмо, 2008
Colecção:Психологическое образование
Assuntos:
Formato: MixedMaterials Livro
KOHA link:https://koha.lib.tpu.ru/cgi-bin/koha/opac-detail.pl?biblionumber=182269

MARC

LEADER 00000nam0a2200000 4500
001 182269
005 20231101223659.0
010 |a 9785699250691 
035 |a (RuTPU)RU\TPU\book\197601 
090 |a 182269 
100 |a 20100618d2008 km y0rusy50 ca 
101 0 |a rus 
102 |a RU 
105 |a y z 001zy 
200 1 |a Совладающий интеллект. Успешное разрешение жизненных трудностей  |f А. В. Либина 
210 |a Москва  |c Эксмо  |d 2008 
215 |a 400 с. 
225 1 |a Психологическое образование 
320 |a Библиогр.: с. 376-393. 
330 |a Данная книга является первьш изданием в мировой психологии, интегрирующим в рамках одного концептуального подхода основные теоретические и экспериментальные направления совладания человека со стрессом, жизненными кризисами и сложными ситуациями. Предлагаемая многомерная модель совладания, названная автором Совладающий Интеллект, описывает универсальную систему диагностики и анализа эффективных и неэффективных способов разрешения жизненных проблем. Построенная на научных принципах единая классификация совладающего и защитного поведения помогает каждому читателю освоить эффективные способы разрешения жизненных проблем. Издание предназначено для профессиональных психологов, консультантов, студентов и преподавателей гуманитарных и медицинских вузов. Книга будет интересна и очень полезна широкому кругу читателей, которые хотят научиться справляться со стрессовыми ситуациями. 
606 1 |a Личность  |x Как социально-психологическое явление  |2 stltpush  |3 (RuTPU)RU\TPU\subj\40536  |9 60382 
610 1 |a психология 
610 1 |a личность 
610 1 |a общество 
610 1 |a сложные жизненные ситуации 
610 1 |a психологическая защита 
610 1 |a жизненные трудности 
610 1 |a защитные стратегии 
610 1 |a стресс 
610 1 |a эмоции 
610 1 |a возрастные особенности 
610 1 |a половые различия 
610 1 |a экспериментальные исследования 
610 1 |a медицина 
610 1 |a реабилитация 
610 1 |a психологические травмы 
610 1 |a психологические тренинги 
610 1 |a консультативная психология 
610 1 |a психологическая компетентность 
686 |a Ю952  |v LBC/SL-A  |2 rubbk 
700 1 |a Либина  |b А. В.  |g Алена Владимировна 
801 1 |a RU  |b 63413507  |c 20100618 
801 2 |a RU  |b 63413507  |c 20150619  |g RCR 
942 |c BK 
959 |a 43/20100617  |d 2  |e 215,38  |f АНЛ:1  |f ЧЗГЛ:1